Statistics for Spain or Mexico

Click here to take the quiz!

General Stats

  • This quiz has been taken 77 times
  • The average score is 12 of 15

Answer Stats

QuestionAnswer% Correct
Has a border with the United States of AmericaMexico
100%
Is in EuropeSpain
100%
Aztecs lived here, until 1521Mexico
95%
Taco is one of its most famous food recipesMexico
95%
Has an eagle on its flagMexico
90%
Its capital's former name was TenochtitlanMexico
90%
Is biggerMexico
82%
Here, many pilgrims visit the holy city of CompostelaSpain
81%
A recent volcano eruption caused high damage to "La Palma" islandSpain
74%
The highest mountain is Pico del TeideSpain
73%
Has won at least one FIFA World CupSpain
73%
Its capital is a megacityMexico
71%
Lies above the equatorBoth
66%
Mario Moreno "Cantinflas" was born hereMexico
60%
Has a city called GuadalajaraBoth
35%

Score Distribution

Percentile by Number Answered

Percent of People with Each Score

Your Score History

You have not taken this quiz